000 00432nam a2200181Ia 4500
001 9248
005 20260306160709.0
008 260306t2024||||xx |||||||||||||| ||spa||
041 _aESP
082 _a378.001
_bN49
100 _aNewman, John Henry,
_eAUT
245 0 _aAuge y progreso de las universidades
260 _c2024
300 _a294 páginas :
_c23 cm.
650 _aGEN
654 _aCHU
942 _cLIB
_dJUS
_fJUS
_2ddc
_n
999 _c9248
_d9248